Catalog

Record Details

Catalog Search



Advances in Natural Multimodal Dialogue Systems Cover Image E-book E-book

Advances in Natural Multimodal Dialogue Systems [electronic resource] / edited by Jan C. J. Kuppevelt, Laila Dybkjær, Niels Ole Bernsen.

Electronic resources


LDR 01937nam a22005055i 4500
00112255
003CONS
00520131218211109.0
007cr nn 008mamaa
008100301s2005 ne | s |||| 0|eng d
020 . ‡a9781402039331 ‡9978-1-4020-3933-1
0247 . ‡a10.1007/1-4020-3933-6 ‡2doi
035 . ‡a(DE-He213)978-1-4020-3933-1
050 4. ‡aP98-98.5
072 7. ‡aCFX ‡2bicssc
072 7. ‡aLAN009000 ‡2bisacsh
072 7. ‡aCOM018000 ‡2bisacsh
1001 . ‡aKuppevelt, Jan C. J. ‡eeditor.
24510. ‡aAdvances in Natural Multimodal Dialogue Systems ‡h[electronic resource] / ‡cedited by Jan C. J. Kuppevelt, Laila Dybkjær, Niels Ole Bernsen.
264 1. ‡aDordrecht : ‡bSpringer Netherlands, ‡c2005.
300 . ‡aXII, 373 p. ‡bonline resource.
336 . ‡atext ‡btxt ‡2rdacontent
337 . ‡acomputer ‡bc ‡2rdamedia
338 . ‡aonline resource ‡bcr ‡2rdacarrier
347 . ‡atext file ‡bPDF ‡2rda
4901 . ‡aText, Speech and Language Technology, ‡x1386-291X ; ‡v30
650 0. ‡aLinguistics.
650 0. ‡aComputer system performance.
650 0. ‡aMultimedia systems.
650 0. ‡aComputer science.
650 0. ‡aArtificial intelligence.
650 0. ‡aComputational linguistics.
65014. ‡aLinguistics.
65024. ‡aComputational Linguistics.
65024. ‡aSystem Performance and Evaluation.
65024. ‡aMultimedia Information Systems.
65024. ‡aUser Interfaces and Human Computer Interaction.
65024. ‡aArtificial Intelligence (incl. Robotics).
7001 . ‡aDybkjær, Laila. ‡eeditor.
7001 . ‡aBernsen, Niels Ole. ‡eeditor.
7102 . ‡aSpringerLink (Online service)
7730 . ‡tSpringer eBooks
77608. ‡iPrinted edition: ‡z9781402039324
830 0. ‡aText, Speech and Language Technology, ‡x1386-291X ; ‡v30
85640. ‡uhttp://biblioteca.ipicyt.edu.mx:2048/login?url=http://dx.doi.org/10.1007/1-4020-3933-6 ‡yTexto completo ‡9CONS
950 . ‡aHumanities, Social Sciences and Law (Springer-11648)
901 . ‡a12255 ‡b ‡c12255 ‡tbiblio ‡sSystem Local

Additional Resources